Commercial timbers of the world, (Record no. 35662)

MARC details
000 -LEADER
fixed length control field 00428nam a22001577a 4500
003 - CONTROL NUMBER IDENTIFIER
control field OSt
005 - DATE AND TIME OF LATEST TRANSACTION
control field 20220930082136.0
008 - FIXED-LENGTH DATA ELEMENTS--GENERAL INFORMATION
fixed length control field 220930b |||||||| |||| 00| 0 eng d
040 ## - CATALOGING SOURCE
Transcribing agency HU
082 ## - DEWEY DECIMAL CLASSIFICATION NUMBER
Classification number 674.13203 TIT 1971
100 ## - MAIN ENTRY--PERSONAL NAME
Personal name Titmuss, F. H.
Dates associated with a name (Frank Hamilton), 1909-; Richards, C. H
9 (RLIN) 37257
245 ## - TITLE STATEMENT
Title Commercial timbers of the world,
260 ## - PUBLICATION, DISTRIBUTION, ETC.
Date of publication, distribution, etc. 1971
300 ## - PHYSICAL DESCRIPTION
Extent Vii, 351P
Other physical details HC
Dimensions 24cm
942 ## - ADDED ENTRY ELEMENTS (KOHA)
Source of classification or shelving scheme Dewey Decimal Classification
Koha item type Books like text book referance book
Suppress in OPAC No
Holdings
Withdrawn status Lost status Source of classification or shelving scheme Damaged status Not for loan Collection code Home library Current library Shelving location Date acquired Total Checkouts Full call number Barcode Date last seen Copy number Price effective from Koha item type
    Dewey Decimal Classification     Reference Wondo Genet Library Wondo Genet Library General Stacks 09/30/2022   674.13203 TIT 1971 WGCFNRL00020361 09/30/2022 1 09/30/2022 Books like text book referance book